Radials bulletin.

Saved in:
Bibliographic Details
New Title:Current research in library & information science (Library Association)
Corporate Author: Library Association (Great Britain)
Format: Serial
Language:English
Published: London, Library Association, 1974-1982.
Subjects:
LEADER 01360nas a2200337 4500
001 c000155889
003 CARM
005 20020205155404.0
008 750710d19741982enkfr a 0 0a0eng
010 |a 77648394 //r83 
019 1 |a 1021956  |z 4423809  |z 42644504  |5 LACONCORD2021 
022 |a 0302-2706 
035 |a (OCoLC)1440724  |5 LACONCORD2021 
042 |a lc 
043 |a e-uk--- 
050 0 |a Z699.7  |b .R33 
245 0 0 |a Radials bulletin. 
260 |a London,  |b Library Association,  |c 1974-1982. 
300 |a v.  |c 30 cm. 
362 0 |a 1974-1982, no. 2. 
500 |a "Research and development - information and library science." 
650 0 |a Library science  |x Research  |z Great Britain  |x Abstracts  |x Periodicals. 
710 2 |a Library Association (Great Britain) 
785 0 0 |t Current research in library & information science (Library Association)  |w (DLC) 83644230  |w (OCoLC)9471344 
852 8 |b CARM  |h A2:AH11C0  |i D02065  |p 0096602  |f SE 
866 0 |a 1974-1982 
866 0 |a 1974-1982 
212 0 |a Research and development - information and library science bulletin 
265 |a Library Association, 7 Ridgmount St., Store St., London WCIE 7AE England 
999 f f |i 4ffba90c-cd3c-53b3-9e48-ed5a130b3f9d  |s 2f9da3d3-4d7d-5c07-b600-a3365c886438 
952 f f |p Can circulate  |a CAVAL  |b CAVAL  |c CAVAL  |d CARM 1 Store  |e D02065  |f A2:AH11C0  |h Other scheme  |i book  |k  1974-1982  |m 0096602